Tristes
Gespeichert in:
| 1. Verfasser: | |
|---|---|
| Format: | Buch |
| Sprache: | Französisch Latein |
| Veröffentlicht: |
París
Les Belles Lettres
1968
|
| Schriftenreihe: | Collection des Universités de France
|
| Schlagworte: | |
| Tags: |
Tag hinzufügen
Keine Tags, Fügen Sie den ersten Tag hinzu!
|
MARC
| LEADER | 00000nam a2200000 a 4500 | ||
|---|---|---|---|
| 001 | UCO5825 | ||
| 003 | CL-VaPUC | ||
| 008 | 000915e19680000FR |||||||||||||||||fre|d | ||
| 041 | 0 | 7 | |a fre |2 CL-VaPUC |
| 041 | 0 | 7 | |a lat |2 CL-VaPUC |
| 082 | 0 | 4 | |a 871 |b OVI |2 21 |
| 100 | |a Ovidio Nasón, Publio |e auteur |9 347163 | ||
| 245 | 1 | 0 | |a Tristes |
| 300 | |a 175 p | ||
| 942 | |c BK | ||
| 945 | |d 20000915 00:00:00 |a crobeson | ||
| 260 | |a París |b Les Belles Lettres |c 1968 | ||
| 650 | 7 | |a POESIAS LATINAS |2 CL-VaPUC |9 450625 | |
| 650 | 0 | |a Literatura latina |9 258055 | |
| 583 | |a last modification |c 20120618 11:01:20 |k Rodrigo Vera | ||
| 490 | 0 | |a Collection des Universités de France | |
| 999 | |c 291655 |d 291653 | ||
| 952 | |0 0 |1 0 |4 0 |6 871_000000000000000_OVI_1968 |7 0 |8 X |9 341699 |a BIBART |b BIBART |d 2019-11-20 |i 1223542 |o 871 OVI 1968 |p 1223542 |r 2025-03-13 |w 2019-11-20 |y BK_X |k ART | ||